000 01411naa a2200253 i 4500
001 3377
003 KOSZ 005
005 20180214093837.0
008 150603s2005 pl f |100 0 pol
040 _cBPK
_dKOSZ 005/EG
080 _a620.193
100 1 _aHRYNIEWICZ, Tadeusz.
_d1996 - .
_bPolitechnika Koszalińska - Wydział Mechaniczny,
_cKatedra Elektrotechniki i Elektrochemii
245 1 0 _aSzum elektrochemiczny jako narzędzie do monitoringu szybkości korozji /
_cTadeusz Hryniewicz, Krzysztof Rokosz.
246 3 1 _aElektrochemical noise as a tool for corrosion rate monitoring
500 _aDane z autopsji.
520 _aW artykule autorzy podjęli próbę pokazania jak należy interpretować szum elektrochemiczny za pomocą zarówno statystyki jak i parametrów chropowatości.
650 0 _aKorozja i erozja.
650 0 _aElektrochemia.
655 0 _aMateriały konferencyjne.
700 1 _aROKOSZ, Krzysztof.
_d2002 - .
_bPolitechnika Koszalińska - Wydział Mechaniczny,
_cKatedra Elektrotechniki i Elektrochemii
711 2 2 _aSłupskie Forum Motoryzacji
_n(8 ;
_d2005 ;
_cSłupsk, Polska).
773 0 _iW :
_tVIII Konferencja naukowo-techniczna nt. Współczesne technologie w motoryzacji a bezpieczeństwo ruchu drogowego : Słupsk 24.5.2005 / pod red. Leona Kukiełki. -
_dSłupsk : Starostwo Powiatowe w Słupsku, 2005. -
_gs. 103-110
942 _cROZ
_2UKD
999 _c3377
_d3377